01383cam a22003974i 4500003000900000005001700009008004100026020001500067020001800082035002000100040004800120082002000168245012400188264004100312300005500353336002100408337002500429338002300454504003300477505020000510526001000710526001000720526001000730526001000740526000800750526000800758526000800766526000800774526000800782526000800790526000800798630004500806650005500851650004400906700003500950PE-LiUPU20250731173115.0190320s2018 miua r 001 0 eng d a0310535050 a9780310535058 a(Sirsi) a251986 aPE-LiUPUbspacPE-LiUPUerdadPE-LiUPUerda04a221.601bI622300aInterpreting the Old Testament theologically :bessays in honor of Willem A. VanGemeren /cAndrew T. Abernethy, editor. 1aGrand Rapids :b Zondervan,c[2018]. a343 páginas :bilustraciones ;c24 centímetros atext2rdacontent aunmediated2rdamedia avolume2rdacarrier aÍndice: páginas 329-343.0 aSection one: Theological witness gleaned through interpretive practices -- Section two: Theological witness in specific old testament books -- Section three: Theological witness amidst community. aSEG42 aSEG41 aSEG40 aSEG39 aP94 aP87 aP86 aP85 aP77 aP76 aP3504aBiblia.pAntiguo TestamentoxTeología.04aReligión/Estudio de la Biblia/General. 2bisacsh07aTeología.2 fast0 (OCoLC)fst011495591 aAbernethy, Andrew T.,eeditor.